书目信息 |
| 题名: |
临床体检图解
|
|
| 作者: | 杨仲昆 编 | |
| 分册: | ||
| 出版信息: | 北京 人民卫生出版社 1982 |
|
| 页数: | 521页 | |
| 开本: | 25cm | |
| 丛书名: | ||
| 单 册: | ||
| 中图分类: | R443 | |
| 科图分类: | ||
| 主题词: | 物理诊断--图解 | |
| 电子资源: | ||
| ISBN: | ||
| 000 | 00606nam0 2200241 45 | |
| 001 | 0182010336 | |
| 005 | 20060815102049.85 | |
| 010 | @dCNY3.45 | |
| 091 | @a14048.3374 | |
| 100 | @a19950510d1982 em y0chiy0121 ea | |
| 101 | 0 | @achi |
| 102 | @aCN@b110000 | |
| 105 | @aa z 000yy | |
| 200 | 10 | @a临床体检图解@Alin chuang ti jian tu jie@f杨仲昆编 |
| 205 | @a2版 | |
| 210 | @a北京@c人民卫生出版社@d1982 | |
| 215 | @a521页@d25cm | |
| 606 | @a物理诊断@x图解 | |
| 690 | @aR443@v3 | |
| 701 | 0 | @a杨仲昆@Ayang zhong kun@4编 |
| 801 | 2 | @aCN@bNLC@c20060815 |
| 801 | 0 | @aCN@bTSSF |
| 905 | @a10447@dR443@e39 | |
| 临床体检图解/杨仲昆编.-2版.-北京:人民卫生出版社,1982 |
| 521页;25cm |
| ISBN :CNY3.45 |
| ● |
| 相关链接 |
|
|
|
|
正题名:临床体检图解
索取号:R443/39
 
预约/预借
| 序号 | 登录号 | 条形码 | 馆藏地/架位号 | 状态 | 备注 |
| 1 | 0458417 | 204584173 | 密集书库/ [索取号:R443/39] | 在馆 |